000 00249nam a2200109Ia 4500
005 20251222152555.0
008 251222s9999||||xx |||||||||||||| ||spa||
082 _a515/V45
100 _aVenero, B. A.
245 0 _aAnálisis Matemático
942 _cLIB
999 _c26393
_d26393